[Event "Seville op 39th"]
[Site "Seville"]
[Date "2014.01.12"]
[Round "3"]
[White "Morales Barrera, Raul"]
[Black "Prados Montano, Antonio"]
[Result "0-1"]
[WhiteElo "2053"]
[BlackElo "2240"]
[PlyCount "56"]
[EventDate "2014.01.10"]
[EventType "swiss"]
[EventRounds "9"]
[EventCountry "ESP"]
[SourceTitle "CBM 158 Extra"]
[Source "ChessBase"]
[SourceDate "2014.02.28"]
[SourceVersion "1"]
[SourceVersionDate "2014.02.28"]
[SourceQuality "1"]

1. d4 d5 2. c4 Nc6 3. cxd5 Qxd5 4. e3 e5 5. Nc3 Bb4 6. Bd2 Bxc3 7. bxc3 Nf6 8. f3 e4 9. Qb3 Qd6 10. Qb1 Bf5 11. Ne2 Bg6 12. Nf4 exf3 13. Nxg6 f2+ 14. Kxf2 fxg6 15. Be2 0-0 16. Ke1 Rae8 17. Bf3 b6 18. Qb5 Ne4 19. Bxe4 Rxe4 20. Rf1 Ree8 21. Rxf8+ Rxf8 22. Ke2 Qd7 23. Qg5 Rf5 24. Qg3 Qd5 25. Re1 Qc4+ 26. Kd1 Rb5 27. Qg4 Rb1+ 28. Kc2 Nb4+ 0-1

[Event "Seville op 36th"]
[Site "Seville"]
[Date "2011.01.14"]
[Round "8"]
[White "Prados Montano, Antonio"]
[Black "Lemos, Damian"]
[Result "0-1"]
[WhiteElo "2244"]
[BlackElo "2553"]
[PlyCount "72"]
[EventDate "2011.01.07"]
[EventType "swiss"]
[EventRounds "9"]
[EventCountry "ESP"]
[SourceTitle "CBM 140 Extra"]
[Source "ChessBase"]
[SourceDate "2011.03.01"]
[SourceVersion "1"]
[SourceVersionDate "2011.03.01"]
[SourceQuality "1"]

1. d4 Nf6 2. Nf3 g6 3. c4 Bg7 4. Nc3 d5 5. cxd5 Nxd5 6. Bd2 Nb6 7. e3 0-0 8. Ne4 N8d7 9. Bc3 Nd5 10. Be2 b6 11. Qa4 Bb7 12. Bb5 Nb8 13. Be2 Nxe3 14. fxe3 Bxe4 15. 0-0 e6 16. Bb4 Re8 17. Ne5 f5 18. Bf3 Bxf3 19. Rxf3 Bxe5 20. dxe5 Qd7 21. Qc2 Nc6 22. Bc3 Rad8 23. Rc1 Qd5 24. b3 Nxe5 25. Bxe5 Qxe5 26. Re1 c5 27. h3 Re7 28. Re2 Red7 29. Rf1 Rd3 30. Rfe1 Qc3 31. Qxc3 Rxc3 32. e4 f4 33. e5 g5 34. Rf1 Kg7 35. h4 h6 36. hxg5 hxg5 0-1

[Event "Seville op 36th"]
[Site "Seville"]
[Date "2011.01.12"]
[Round "6"]
[White "Razmyslov, Alexander"]
[Black "Prados Montano, Antonio"]
[Result "1-0"]
[WhiteElo "2439"]
[BlackElo "2244"]
[PlyCount "105"]
[EventDate "2011.01.07"]
[EventType "swiss"]
[EventRounds "9"]
[EventCountry "ESP"]
[SourceTitle "CBM 140 Extra"]
[Source "ChessBase"]
[SourceDate "2011.03.01"]
[SourceVersion "1"]
[SourceVersionDate "2011.03.01"]
[SourceQuality "1"]

1. d4 d5 2. c4 Nc6 3. Nc3 dxc4 4. Nf3 Nf6 5. Qa4 Nd5 6. Qxc4 Ndb4 7. Qb3 Be6 8. Qa4 a6 9. a3 Nd5 10. e4 Nb6 11. Qd1 Bg4 12. d5 Ne5 13. a4 e6 14. a5 Nbd7 15. Be2 Bxf3 16. Bxf3 Bd6 17. dxe6 fxe6 18. Bh5+ Ng6 19. 0-0 Qf6 20. f4 0-0-0 21. g3 Bc5+ 22. Kg2 Qd4 23. Qc2 Ba7 24. Ra4 Qc5 25. Be2 Kb8 26. b4 Qc6 27. b5 axb5 28. Bxb5 Qd6 29. e5 Ndxe5 30. fxe5 Qxe5 31. Re4 Qd6 32. Be2 Rhf8 33. Nb5 Qc5 34. Qxc5 Bxc5 35. Rxf8 Rxf8 36. Be3 Bxe3 37. Rxe3 c6 38. Nd4 e5 39. Nf3 Re8 40. Bd3 Ka7 41. Kf2 e4 42. Bxe4 Ne5 43. Nxe5 Rxe5 44. a6 bxa6 45. Bxc6 Rf5+ 46. Rf3 Rc5 47. Rf7+ Kb6 48. Be4 g5 49. Rf6+ Ka7 50. Bxh7 a5 51. Bd3 Kb7 52. Ke3 Kc7 53. Ra6 1-0

[Event "Seville op 34th"]
[Site "Seville"]
[Date "2009.01.31"]
[Round "9"]
[White "Prados Montano, Antonio"]
[Black "Lazaro Porta, Angel"]
[Result "1-0"]
[WhiteElo "2210"]
[BlackElo "1973"]
[PlyCount "59"]
[EventDate "2009.01.23"]
[EventType "swiss"]
[EventRounds "9"]
[EventCountry "ESP"]
[SourceTitle "CBM 128 Extra"]
[Source "ChessBase"]
[SourceDate "2009.03.05"]
[SourceVersion "2"]
[SourceVersionDate "2009.03.25"]
[SourceQuality "1"]

1. e4 c5 2. Nc3 a6 3. g3 b5 4. Bg2 Bb7 5. d3 d6 6. Nh3 Nf6 7. 0-0 g6 8. Re1 e5 9. Rf1 Bg7 10. f4 0-0 11. Qf3 Nc6 12. Ne2 Bc8 13. f5 Ra7 14. g4 h5 15. g5 Nh7 16. c3 Re8 17. Be3 Bf8 18. Rf2 Qa5 19. a3 b4 20. cxb4 Nxb4 21. Bd2 Qa4 22. Nc3 Qb3 23. axb4 cxb4 24. Nd5 Qxb2 25. Bc3 bxc3 26. Rxb2 cxb2 27. Rb1 Rb7 28. Qf2 Be7 29. Rxb2 Bxg5 30. Nxg5 1-0

[Event "Seville op 32nd"]
[Site "Seville"]
[Date "2007.01.14"]
[Round "8"]
[White "Oliva del Amo, Antonio Jose"]
[Black "Prados Montano, Antonio"]
[Result "1/2-1/2"]
[WhiteElo "2133"]
[BlackElo "2208"]
[PlyCount "64"]
[EventDate "2007.01.07"]
[EventType "swiss"]
[EventRounds "9"]
[EventCountry "ESP"]
[SourceTitle "CBM 116 Extra"]
[Source "ChessBase"]
[SourceDate "2007.03.07"]
[SourceVersion "1"]
[SourceVersionDate "2007.03.07"]
[SourceQuality "1"]

1. b3 e5 2. Bb2 d6 3. g3 Nc6 4. Bg2 Nge7 5. c4 g6 6. Nc3 Bg7 7. e3 0-0 8. Nge2 Be6 9. 0-0 Qd7 10. d4 exd4 11. exd4 Bg4 12. Qd2 Bh3 13. d5 Bxg2 14. Kxg2 Ne5 15. f4 Ng4 16. Ne4 Qf5 17. N2c3 Rae8 18. Rae1 Nf6 19. Nxf6+ Bxf6 20. Re2 Qg4 21. Rfe1 Nf5 22. Rxe8 Nh4+ 23. Kh1 Qf3+ 24. Kg1 Bd4+ 25. R8e3 Nf5 26. Nd1 Bb6 27. Qe2 Qe4 28. Bc1 Re8 29. Qf2 Nxe3 30. Bxe3 Ba5 31. Bd2 Qxe1+ 32. Bxe1 Bb6 1/2-1/2

[Event "Dos Hermanas op 5th"]
[Site "Dos Hermanas"]
[Date "2006.04.03"]
[Round "5"]
[White "Prados Montano, Antonio"]
[Black "Neelotpal, Das"]
[Result "0-1"]
[WhiteElo "2203"]
[BlackElo "2512"]
[PlyCount "126"]
[EventDate "2006.03.30"]
[EventType "swiss"]
[EventRounds "9"]
[EventCountry "ESP"]
[SourceTitle "CBM 111 Extra"]
[Source "ChessBase"]
[SourceDate "2006.05.09"]
[SourceVersion "1"]
[SourceVersionDate "2006.05.09"]
[SourceQuality "1"]

1. e4 c5 2. Nc3 a6 3. g3 b5 4. Bg2 Bb7 5. d3 e6 6. f4 Nf6 7. Nf3 b4 8. Ne2 d6 9. h3 Be7 10. Be3 Nfd7 11. 0-0 0-0 12. g4 d5 13. e5 Nc6 14. Ng3 Kh8 15. Qe2 f6 16. Nh5 Qb6 17. Kh1 Rae8 18. Bd2 g6 19. exf6 Nxf6 20. Ng3 Bd6 21. Ne5 Nd4 22. Qd1 Qc7 23. c3 bxc3 24. bxc3 Nc6 25. d4 a5 26. Be3 Ne7 27. Rb1 c4 28. Qc2 Bc8 29. Rbe1 Nc6 30. Bc1 Bd7 31. g5 Ng8 32. h4 Nce7 33. h5 gxh5 34. Nxh5 Nf5 35. Rf3 Re7 36. Rh3 Be8 37. Qe2 Bxh5 38. Qxh5 Bxe5 39. Rxe5 Qd6 40. Qg4 Rb8 41. Kh2 Rb1 42. Be3 Rb2 43. g6 Nf6 44. Qg5 Ne4 45. Rxe4 dxe4 46. Qf6+ Kg8 47. gxh7+ Rxh7 48. Qg6+ Rg7 49. Qe8+ Qf8 50. Qxe6+ Rf7 51. Rh5 Nxe3 52. Rg5+ Kh8 53. Qe5+ Rg7 54. Rh5+ Kg8 55. Qe6+ Qf7 56. Qc8+ Qf8 57. Qe6+ Rf7 58. Rg5+ Kh8 59. Qe5+ Rf6 60. Rh5+ Kg8 61. Rg5+ Kh7 62. Rh5+ Rh6 63. Qxe4+ Nf5 0-1